000 00983cab a2200253 4500
001 WB4015-15
008 040420n2004 000 0 eng u
035 _a(Sirsi) u125882
245 _aLondon still favourite place to live
260 _c2004
490 _aHouse Builders Federation Press Release
_v 15 April 2004 (1)
520 _aNew research shows that London is still the UK's most popular place to live. Research by new-homes.co.uk shows that 20% of searches on the website in March were in southeast England with London being the most popular search. House Builders Federation news release at www.hbf.co.uk/includes/print.html?id=22&table=Pres sReleases.
590 _aWB
590 _aWB
650 _aLONDON
650 _aRANKINGS
650 _aNEW HOMES MARKET
650 _aSOUTHEAST ENGLAND
650 _aINTERNET
650 _aHOMEBUYERS
650 _aHOUSE PRICES
690 _aPROPERTY-RESIDENTIAL PROPERTY-RESIDENTIAL PROPERTY MARKET
942 _n0
999 _c74373
_d74373